| 000 | 01508nam a22002777a 4500 | ||
|---|---|---|---|
| 005 | 20090727145725.0 | ||
| 008 | 090608t xxu||||| |||| 00| 0bhin d | ||
| 010 | _aHIN-87502 | ||
| 020 |
_a9788128812357 _c200.00 |
||
| 035 | _aHN-59848 | ||
| 037 | _bDBAD / PUB | ||
| 040 |
_adpl _bhn |
||
| 082 | _a921 | ||
| 100 | _aतरूण इन्जीनियर | ||
| 245 |
_aशीला दीक्षितः _cतरूण इन्जीनियर _bविकास की प्रतीक / |
||
| 246 |
_aSheela Dixit: vikaasa kii pratiika _bby Tarun Engineer |
||
| 260 |
_aनई दिल्ली _bडायमंड पॉकेट बुक्स _c2009 |
||
| 270 |
_aएक्स-30, ओखला इंडस्ट्रियल एरिया, फेज-2 _bनई दिल्ली _e110020 _k011-41611861, 40712100 _l011-41611866 _msales@dpb.in |
||
| 300 |
_a127पृ. _c22सेमी (सजिल्द) _bसचित्र |
||
| 600 | _aदीक्षित, शीला | ||
| 600 | _aDikshit, Sheila | ||
| 650 |
_aराजनीतिज्ञ _xजीवनी _zभारत _zदिल्ली (संघ शासित राज्य). |
||
| 650 |
_aPoliticians _xBiography. _zIndia _zDelhi (Union Territory). |
||
| 942 |
_2ddc _cHN _mदीक्षित _h921 |
||
| 999 |
_c28717 _d28717 |
||